The Main Enemies Of Outlast - Statistics

General Stats
  • This quiz has been taken 73 times
  • The average score is 8 of 12
Answer Stats
Game Enemy % Correct
Outlast/Outlast: Whistleblower Chris Walker
98%
Outlast: Whistleblower Eddie Gluskin
93%
Outlast Richard Trager
88%
Outlast/Outlast: Whistleblower The Walrider
83%
Outlast: Whistleblower Frank Manera
70%
Outlast II Marta
70%
Outlast/Outlast: Whistleblower The Twins
70%
Outlast II Val
68%
Outlast II Loutermilch
50%
Outlast II Laird Byron
28%
Outlast II Nick Tremblay
25%
Outlast II Father Knoth
18%
No matching quizzes found
Score Distribution
Percent of People with Each Score
Percentile by Number Answered
Your Score History
You have not taken this quiz